ბათუმის შოთა რუსთაველის სახელმწიფო უნივერსიტეტის ბიბლიოთეკა

Экология : (ბიბ.ჩანაწერი № 40248)

000 -LEADER
fixed length control field 00712nam a2200205Ia 4500
001 - CONTROL NUMBER
control field 6856
003 - CONTROL NUMBER IDENTIFIER
control field GE_BSU
005 - DATE AND TIME OF LATEST TRANSACTION
control field 20230807124301.0
008 - FIXED-LENGTH DATA ELEMENTS--GENERAL INFORMATION
fixed length control field 181216s2001||||ru |||||||||||||| ||rus||
020 ## - INTERNATIONAL STANDARD BOOK NUMBER
International Standard Book Number 579900373-Х.
040 ## - CATALOGING SOURCE
Transcribing agency GE_BSU
080 ## - UNIVERSAL DECIMAL CLASSIFICATION NUMBER
Universal Decimal Classification number 574(075.8):504(075.8) Н-62
100 ## - MAIN ENTRY--PERSONAL NAME
Personal name Никаноров, А. М.
9 (RLIN) 19622
245 ## - TITLE STATEMENT
Title Экология :
Remainder of title Для студентов вузов и специалистов экологов /
Statement of responsibility, etc. А. М. Никаноров, Т. А. Хоружая.
264 ## - PRODUCTION, PUBLICATION, DISTRIBUTION, MANUFACTURE, AND COPYRIGHT NOTICE
Place of production, publication, distribution, manufacture Москва :
Name of producer, publisher, distributor, manufacturer Приор.,
Date of production, publication, distribution, manufacture, or copyright notice 2001.
300 ## - PHYSICAL DESCRIPTION
Extent 304 стр. ;
Dimensions 20 cm.
Accompanying material табл.
653 ## - INDEX TERM--UNCONTROLLED
keyword Экология
700 ## - ADDED ENTRY--PERSONAL NAME
Personal name Хоружая,Т. А.
Titles and other words associated with a name Автор
9 (RLIN) 19623
942 ## - ADDED ENTRY ELEMENTS (KOHA)
Koha item type წიგნი
Source of classification or shelving scheme
ეგზემპლარები
Withdrawn status Lost status Source of classification or shelving scheme Damaged status Not for loan Permanent Location Current Location Shelving location Date acquired Full call number Barcode Date last seen Copy number Price effective from Koha item type
          ბათუმის შოთა რუსთაველის სახელმწიფო უნივერსიტეტის მთავარი ბიბლიოთეკა ბათუმის შოთა რუსთაველის სახელმწიფო უნივერსიტეტის მთავარი ბიბლიოთეკა წიგნსაცავი 2018-12-17 574(075.8):504(075.8) Н-62 22515 2018-12-17 22515 2018-12-17 წიგნი